Economic dynamics in discrete time (Record no. 1224626)

MARC details
000 -LEADER
fixed length control field 00619nam a2200229Ia 4500
005 - DATE AND TIME OF LATEST TRANSACTION
control field 20241129104140.0
008 - FIXED-LENGTH DATA ELEMENTS--GENERAL INFORMATION
fixed length control field 241129s9999||||xx |||||||||||||| ||und||
020 ## - INTERNATIONAL STANDARD BOOK NUMBER
International Standard Book Number 9780262043625
037 ## - SOURCE OF ACQUISITION
Stock number Textual
040 ## - CATALOGING SOURCE
Original cataloging agency RTL
Language of cataloging eng
Transcribing agency RTL
041 ## - LANGUAGE CODE
Language code of text/sound track or separate title eng
Source of code eng
084 ## - COLON CLASSIFICATION NUMBER
Classification number X:(B7:3) R0
Assigning agency RTL
100 ## - MAIN ENTRY--PERSONAL NAME
Personal name Miao Jianjun
9 (RLIN) 432025
245 #0 - TITLE STATEMENT
Title Economic dynamics in discrete time
Statement of responsibility, etc. Miao Jianjun
250 ## - EDITION STATEMENT
Edition statement 2nd
260 ## - PUBLICATION, DISTRIBUTION, ETC.
Place of publication, distribution, etc. London
Name of publisher, distributor, etc. MIT Press
Date of publication, distribution, etc. 2020
300 ## - PHYSICAL DESCRIPTION
Extent xviii,825p.
365 ## - TRADE PRICE
Price type code INR
Price amount 7083.05
650 ## - SUBJECT ADDED ENTRY--TOPICAL TERM
Topical term or geographic name entry element Behavioral Economics
942 ## - ADDED ENTRY ELEMENTS (KOHA)
Koha item type Textbook
Classification part X:(B7:3) R0
Holdings
Withdrawn status Lost status Damaged status Not for loan Home library Current library Date acquired Source of acquisition Cost, normal purchase price Inventory number Total Checkouts Full call number Barcode Date last seen Price effective from Koha item type
        Ratan Tata Library Ratan Tata Library 2024-11-29 Segment Book Distributor 7083.05 65495 & 09/02/2023   X:(B7:3) R0 RT1502562 2024-11-29 2024-11-29 Textbook
Copyright @ Delhi University Library System